000 00717nam a2200265Ia 4500
003 OSt
005 20220926023653.0
006 a|||||r|||| 00| 0
007 ta
008 220923b |||||||| |||| 00| 0 eng d
020 _a0 85124108
037 _cGeneral Book
040 _aRTL
_cRTL
_beng
041 _2eng
_aeng
082 _aX:77.2.N7, L5
100 _aDavey Brian
245 0 _aEconomic development of India
_b A marxist analysis
260 _aNottingham
_bSpokesman
_c1975
300 _a232p.
_ccm.
500 _aBibliography: P 214-24
650 _a Economics
650 _aIndia
_964395
942 _hX:77.2.N7, L5
_cGB
_2CC
999 _c642107
_d642107